| 000 | 00680nam a2200241M 4500 | ||
|---|---|---|---|
| 999 |
_c3731 _d3731 |
||
| 001 | 48885 | ||
| 003 | GBCCL | ||
| 005 | 20241126110502.0 | ||
| 008 | 930929s1948 nyu 000 0 eng d | ||
| 020 | _a0385092466. | ||
| 035 | _a(OCoLC)28907419 | ||
| 040 |
_aORX _cORX |
||
| 049 | _aLBBK | ||
| 082 |
_a215 _bRED |
||
| 092 |
_a572 _bM295 |
||
| 100 | 1 |
_aMalinowski, Bronislaw, _d1884-1942. _97638 |
|
| 245 | 1 | 0 |
_aMagic, science and religion, and other essays. _cWith introd. by Robert Redfield. |
| 260 |
_aGarden City, N.Y., _bDoubleday, _c[c1948] |
||
| 300 |
_a274 p. _c18 cm. |
||
| 440 | 0 |
_aDoubleday anchor books, _vA23 _97639 |
|
| 650 | 0 |
_aAnthropology. _94486 |
|
| 942 |
_2ddc _cBK |
||